The SILVICULTURAL basis for agroforestry systems

Bibliographic Details
Other Authors: Ashton, Montagnini 1950-
Format: Book
Published: Boca Raton, Fla. : CRC Press , 2000
Subjects:

MARC

LEADER 00000cam a2200000 7i4500
001 0000002067
005 20020919.0
020 0 0 |a 0849322065 
090 0 0 |a 634.99   |b SIL 2000 
245 0 4 |a The SILVICULTURAL basis for agroforestry systems   |c edited by Mark S. Ashton, Florencia Montagnini 
260 0 0 |a Boca Raton, Fla. :   |b CRC Press ,   |c 2000 
300 |a 278 p. :   |b ill. ;   |c 24 cm. 
500 0 0 |a Includes bibliographical references 
650 0 0 |a Agroforestry 
650 0 0 |a Silvicultural systems 
700 0 1 |a Ashton   |h Mark S. 
700 0 1 |a Montagnini   |h Florencia ,   |c 1950- 
998 |a JPSM 
999 |a 0000003451   |b Monograph   |c Open Shelf   |e Default branch